<?xml version="1.0" encoding="UTF-8"?>
<record
    xmlns:xsi="http://www.w3.org/2001/XMLSchema-instance"
    xsi:schemaLocation="http://www.loc.gov/MARC21/slim http://www.loc.gov/standards/marcxml/schema/MARC21slim.xsd"
    xmlns="http://www.loc.gov/MARC21/slim">

  <leader>01173nam0a22002771  4500</leader>
  <controlfield tag="001">rc\4007668</controlfield>
  <controlfield tag="005">20260406074708.0</controlfield>
  <datafield tag="021" ind1=" " ind2=" ">
    <subfield code="a">RU</subfield>
    <subfield code="b">[53-19576]</subfield>
  </datafield>
  <datafield tag="035" ind1=" " ind2=" ">
    <subfield code="a">(NLR Aleph) 007945466</subfield>
  </datafield>
  <datafield tag="090" ind1=" " ind2=" ">
    <subfield code="a">8305675</subfield>
    <subfield code="c">8305675</subfield>
  </datafield>
  <datafield tag="100" ind1=" " ind2=" ">
    <subfield code="a">20130415d1953    |||y0rusy50      ca</subfield>
  </datafield>
  <datafield tag="101" ind1="1" ind2=" ">
    <subfield code="a">rus</subfield>
    <subfield code="c">fre</subfield>
  </datafield>
  <datafield tag="102" ind1=" " ind2=" ">
    <subfield code="a">RU</subfield>
  </datafield>
  <datafield tag="105" ind1=" " ind2=" ">
    <subfield code="a">a   z   |||||</subfield>
  </datafield>
  <datafield tag="200" ind1="1" ind2=" ">
    <subfield code="a">&#x413;&#x430;&#x432;&#x440;&#x43E;&#x448;</subfield>
    <subfield code="e">[&#x41E;&#x442;&#x440;&#x44B;&#x432;&#x43E;&#x43A; &#x438;&#x437; &#x440;&#x43E;&#x43C;&#x430;&#x43D;&#x430; "&#x41E;&#x442;&#x432;&#x435;&#x440;&#x436;&#x435;&#x43D;&#x43D;&#x44B;&#x435;"</subfield>
    <subfield code="e">&#x414;&#x43B;&#x44F; &#x43C;&#x43B;. &#x448;&#x43A;&#x43E;&#x43B;&#x44C;&#x43D;&#x43E;&#x433;&#x43E; &#x432;&#x43E;&#x437;&#x440;&#x430;&#x441;&#x442;&#x430;</subfield>
    <subfield code="f">&#x41F;&#x435;&#x440;. &#x441; &#x444;&#x440;. &#x438; &#x43E;&#x431;&#x440;&#x430;&#x431;&#x43E;&#x442;&#x43A;&#x430; &#x41D;. &#x41A;&#x430;&#x441;&#x430;&#x442;&#x43A;&#x438;&#x43D;&#x43E;&#x439;]</subfield>
    <subfield code="g">&#x420;&#x438;&#x441;. &#x414;. &#x414;&#x443;&#x431;&#x438;&#x43D;&#x441;&#x43A;&#x43E;&#x433;&#x43E;</subfield>
  </datafield>
  <datafield tag="210" ind1=" " ind2=" ">
    <subfield code="a">&#x41C;&#x43E;&#x441;&#x43A;&#x432;&#x430;</subfield>
    <subfield code="a">&#x41B;&#x435;&#x43D;&#x438;&#x43D;&#x433;&#x440;&#x430;&#x434;</subfield>
    <subfield code="c">&#x414;&#x435;&#x442;&#x433;&#x438;&#x437;</subfield>
    <subfield code="d">1953</subfield>
  </datafield>
  <datafield tag="215" ind1=" " ind2=" ">
    <subfield code="a">56 &#x441;.</subfield>
    <subfield code="c">&#x438;&#x43B;.</subfield>
    <subfield code="d">30</subfield>
  </datafield>
  <datafield tag="700" ind1=" " ind2="1">
    <subfield code="8">rus</subfield>
    <subfield code="7">ca</subfield>
    <subfield code="a">&#x413;&#x44E;&#x433;&#x43E;</subfield>
    <subfield code="b">&#x412;.</subfield>
    <subfield code="f">1802-1885</subfield>
    <subfield code="g">&#x412;&#x438;&#x43A;&#x442;&#x43E;&#x440;</subfield>
    <subfield code="3">RU\NLR\AUTH\7721605</subfield>
    <subfield code="9">4666</subfield>
  </datafield>
  <datafield tag="702" ind1=" " ind2="1">
    <subfield code="4">440</subfield>
    <subfield code="a">&#x414;&#x443;&#x431;&#x438;&#x43D;&#x441;&#x43A;&#x438;&#x439;</subfield>
    <subfield code="b">&#x414;. &#x410;.</subfield>
    <subfield code="f">1920-1960</subfield>
    <subfield code="g">&#x414;&#x430;&#x432;&#x438;&#x434; &#x410;&#x43B;&#x435;&#x43A;&#x441;&#x430;&#x43D;&#x434;&#x440;&#x43E;&#x432;&#x438;&#x447;</subfield>
    <subfield code="3">RU\NLR\AUTH\770151536</subfield>
    <subfield code="9">151498</subfield>
  </datafield>
  <datafield tag="702" ind1=" " ind2="1">
    <subfield code="4">730</subfield>
    <subfield code="8">rus</subfield>
    <subfield code="7">ca</subfield>
    <subfield code="a">&#x41A;&#x430;&#x441;&#x430;&#x442;&#x43A;&#x438;&#x43D;&#x430;</subfield>
    <subfield code="b">&#x41D;. &#x413;.</subfield>
    <subfield code="f">1902-1985</subfield>
    <subfield code="g">&#x41D;&#x430;&#x442;&#x430;&#x43B;&#x44C;&#x44F; &#x413;&#x440;&#x438;&#x433;&#x43E;&#x440;&#x44C;&#x435;&#x432;&#x43D;&#x430;</subfield>
    <subfield code="3">RU\NLR\AUTH\7764533</subfield>
    <subfield code="9">47462</subfield>
  </datafield>
  <datafield tag="801" ind1=" " ind2="0">
    <subfield code="a">RU</subfield>
    <subfield code="b">NLR</subfield>
    <subfield code="g">psbo</subfield>
  </datafield>
  <datafield tag="801" ind1=" " ind2="1">
    <subfield code="a">RU</subfield>
    <subfield code="b">ELAR</subfield>
    <subfield code="2">rusmarc</subfield>
  </datafield>
  <datafield tag="852" ind1=" " ind2=" ">
    <subfield code="a">NLR</subfield>
    <subfield code="j">&#x414;&#x43B;02 &#x413;-8/941</subfield>
  </datafield>
  <datafield tag="942" ind1=" " ind2=" ">
    <subfield code="c">BOOK</subfield>
  </datafield>
  <datafield tag="980" ind1=" " ind2=" ">
    <subfield code="a">NB</subfield>
  </datafield>
  <datafield tag="995" ind1=" " ind2=" ">
    <subfield code="5">2013-10-26</subfield>
    <subfield code="b">NLR02</subfield>
    <subfield code="c">NLR02</subfield>
    <subfield code="e">RFS</subfield>
    <subfield code="f">7945466-10</subfield>
    <subfield code="k">&#x414;&#x43B;02 &#x413;-8/941</subfield>
    <subfield code="o">0</subfield>
    <subfield code="r">BOOK</subfield>
    <subfield code="s">02_8941</subfield>
  </datafield>
</record>
